Spieler, die Ryan Joyce bei der Darts WM besiegten - Statistiken

Allgemein
  • Dieses Quiz wurde 33 mal gespielt
    5 seit der letzten Aktualisierung
  • Das Durchschnittsergebnis liegt bei 5 aus 8
Antwortstatistiken
Jahr Runde Nationalität Spieler % Korrekt
2021 2. Runde Polen Krzysztof Ratajski
100%
2026 2. Runde Polen Krzysztof Ratajski
100%
2019 Viertelfinale Niederlande Michael van Gerwen
100%
2025 Achtelfinale England Luke Littler
67%
2022 2. Runde England Mervyn King
33%
2023 1. Runde England Scott Williams
33%
2024 2. Runde England Stephen Bunting
33%
2020 1. Runde Niederlande Jan Dekker
0%
Keine übereinstimmenden Quizze gefunden
Verteilung der Resultate
Anzahl Personen mit jedem Resultat
Perzentil nach korrekt beantworteten Fragen
Ihre Resultats-Entwicklung
Sie haben dieses Quiz seit der letzten Aktualisierung nicht gespielt